Selena Gomez - Chansons album Star Dancing - Statistiques

Statistiques générales
  • Ce quiz a été pris 13 fois
  • Le résultat moyen est 6 sur 13
Statistiques - réponses
Hint Réponse % Correct
3 Stars Dance
89%
8 B.E.A.T.
78%
1 Birthday
67%
5 Come & Get It
56%
2 Slow Down
56%
11 Love Will Remember
44%
10 Undercover
44%
6 Forget Forever
33%
4 Like a Champion
33%
7 Save the Day
33%
9 Write Your Name
33%
Bonus Track Nobody Does It Like You
22%
Bonus Track Music Feels Better
11%
Aucun quiz correspondant
Distribution des résultats
% des personnes avec chaque résultat
Percentile par nombre de réponses
Votre historique - résultats
Vous n’avez pas pris ce quiz